000 00255nam a2200097Ia 4500
001 650180
005 20250826154354.0
008 250824s9999 xx 000 0 und d
245 0 _aBOSTAN ANTİK
_cSADIK YALSIZUÇANLAR
260 _bANTİK DÜNYA KLASİKLERİ
999 _c650180
_d650180